| 000 | 00599nam a22001937a 4500 | ||
|---|---|---|---|
| 003 | ASAB | ||
| 005 | 20180827062822.0 | ||
| 008 | 180330t xxu||||| |||| 00| 0 eng d | ||
| 040 | _cASAB | ||
| 082 | _aThesis 2016 SJ | ||
| 100 |
_aSana Javed-sup- Dr. Touqeer Ahmed _93585 |
||
| 245 |
_aTH-MS-Effects of curcumin on cognitive deficits in young audiovisually overstimulated mice _cSana Javed-sup- Dr. Touqeer Ahmed |
||
| 250 | _a2016 | ||
| 260 |
_aIslamabad. _bASAB NUST _c2016 |
||
| 300 | _axii, 75 p | ||
| 630 |
_aHealthcare Biotechnology _93586 |
||
| 630 |
_aCurcumin _93587 |
||
| 942 |
_2ddc _cTH |
||
| 999 |
_c480757 _d480757 |
||